000 00696nam a2200289Ia 4500
005 20260324123319.0
008 008 260324s9999 xx 000 0 eng d
020 _a9781315611211
037 _aEBOOK
040 _aCRL
040 _beng
040 _cCRL
041 _2eng
041 _aeng
084 _qCRL
100 _aIoannis Stefanidis
_91169837
245 0 _aSubstitute for Power
245 0 _bWartime British Propaganda to the Balkans, 1939–44
260 _bTaylor and Francis
260 _c2012
365 _a
365 _b240
856 _uhttp://www.taylorfrancis.com/books/9781315611211
942 _cEBOOK
999 _c1763249
_d1763249